Pathan tribal Patterns: an interim study of authoritarian family process and structure (Record no. 422988)

000 -LEADER
fixed length control field 00398cam a22001217a 4500
008 - FIXED-LENGTH DATA ELEMENTS--GENERAL INFORMATION
fixed length control field 180718b1965 xxu||||| |||| 00| 0 eng d
082 ## - DEWEY DECIMAL CLASSIFICATION NUMBER
Classification number BA27x54721 N467
100 ## - MAIN ENTRY--PERSONAL NAME
Personal name Newman, R. E.
245 ## - TITLE STATEMENT
Title Pathan tribal Patterns: an interim study of authoritarian family process and structure
Statement of responsibility, etc. by R. E. Newman
260 ## - PUBLICATION, DISTRIBUTION, ETC.
Place of publication, distribution, etc. New Jersey
Name of publisher, distributor, etc. Foreign Studies Institute
Date of publication, distribution, etc. 1965
300 ## - PHYSICAL DESCRIPTION
Extent 111p
650 ## - SUBJECT ADDED ENTRY--TOPICAL TERM
Topical term or geographic name entry element Pushtuns.
Holdings
Withdrawn status Lost status Damaged status Not for loan Permanent Location Current Location Date acquired Full call number Barcode Date last seen Price effective from Koha item type
        Indian Institute of Public Administration Indian Institute of Public Administration 2009-08-28 BA27x54721 N467 38795 2018-07-21 2018-07-21 Book

Powered by Koha